| 000 | 01174cam a2200265 4500 | ||
|---|---|---|---|
| 008 | 020628n2003 000 0 eng u | ||
| 020 | _a007068507X | ||
| 035 | _a(Sirsi) u118581 | ||
| 041 | _aeng. | ||
| 050 |
_a711.52 _c18 |
||
| 100 |
_aWatson, Donald _xEditor |
||
| 245 | _aTime -saver standards for urban design | ||
| 260 |
_aNew York _bMcGraw-Hill _c2003 |
||
| 300 |
_a960p. _bill. _c29cm. |
||
| 350 | _a110.99 | ||
| 520 | _aAn American text which serves as a compendium of the various aspects of the physical design of cities and other urban places including communities and civic and public places. Serves as a detailed archival record of: the context of global cities; classic texts on urban design; urban design history and design theory; preservation, renewal and extension of existing cities; sustainable communities; methods of urban design; and case studies of urban design practice. | ||
| 650 | _aURBAN DESIGN | ||
| 650 | _aSUSTAINABLE COMMUNITIES | ||
| 650 | _aURBAN TRANSPORT | ||
| 650 | _aCITY PLANNING | ||
| 690 |
_aPlanning and development _96259 |
||
| 700 |
_aPlattus, Alan _xEditor |
||
| 700 |
_aShibley, Robert. G. _xEditor |
||
| 942 | _n0 | ||
| 999 |
_c102150 _d102150 |
||